| 000 | 03697nam a2200493 a 4500 | ||
|---|---|---|---|
| 003 | PE-LiUPU | ||
| 005 | 20250731173602.0 | ||
| 008 | 220511s2021 pe a gr 00010 spa | ||
| 020 | _a9786120071380 | ||
| 040 |
_apelibn _bspa _erda _cPE-LiUPU _dPE-LiUPU |
||
| 082 | 1 | 4 |
_a269 _bQ8a _223 |
| 100 | 1 |
_aQuispe Tuco, Rómulo, _eautor, _eeditor. |
|
| 245 | 1 | 3 |
_aEl avivamiento espiritual en el Perú / _cRómulo Quispe Tuco. |
| 250 | _aPrimera edición. | ||
| 264 | 3 | 1 |
_aLima : _b[Rómulo Quispe Tuco], _c2021. |
| 264 | 3 | 3 |
_aLima : _bImprenta Condori Ortega. |
| 300 |
_a145 páginas : _bilustraciones ; _c21 cmentímetros. |
||
| 336 |
_aTexto _2rdacontent |
||
| 337 |
_asin mediación _2rdamedia |
||
| 338 |
_avolumen _2rdacarrier |
||
| 500 | _aGlosario: páginas 142-145. | ||
| 504 | _aBibliografía: páginas 137-141. | ||
| 505 | _aGENESIS DEL AVIVAMIENTO ESPIRITUAL --- EL AVIVAMIENTO ESPIRITUAL O REVIVAL ---- Primera hipótesis -- La creación -- El éxodo -- La iglesia -- La nueva Jerusalén -- EL AVIVAMIENTO EN PROSPECTIVA -- ISRAEL PARADIGMA DE AVIVAMIENTO -- Cuatro principios ---- Primera condición: Oración -- Segunda condición: Vida piadosa dirigida por los dones espirituales -- Tercera condición: Discipulado Claves del avivamiento -- Avivados por la palabra Avivados por la teología -- Avivados por la piedad, conducido por los dones espirituales Avivados por la santidad -- Dimensión diaconal -- Dimensión eclesial -- Dimensiones del Evangelismo integral -- Avivados para discipular -- Avivados para la misión urbana -- Las tribus urbanas -- Avivados por amor -- Metáfora del avivamiento -- Avivamiento en el santuario -- Primer momento, la presentación del Decálogo -- Segundo momento, la inauguración del primer templo -- Tercer momento, la lectura de la ley después de la reconstrucción del templo -- Avivamiento según Joel 2: 18-32 -- Lluvia temprana -- La lluvia tardía -- El avivamiento mesiánico Isaías 42: 1-6 -- La restauración de Israel Ezequiel -- Escuela de oración -- Ayuno de Moisés -- Ayuno de Elías -- Ayuno de Esdras -- Ayuno de Nehemías -- Ayuno de Esther -- Ayuno de Daniel -- Ayuno de la iglesia primitiva -- Ayuno de Pablo -- El derramamiento del aceite de la unción -- La bendición de la primogenitura -- Avivamiento androginia -- Carnaval homosexual -- AVIVAMIENTO ESPIRITUAL EN EL PERÚ1980-2021 -- AVIVAMIENTO ESPIRITUAL -- Segunda hipótesis -- Violencia terrorista -- Transición política -- Oración por la nación -- Antecedente -- El centralismo limeño -- Fue en 1933 templo en el Rímac -- Fue en 1939 templo en la Victoria -- Fue en 1958 templo evangélico en Lima cercado -- Fue en 1970 templo en el Callao -- Montañas de oración -- Plan operativo nacional -- Avivamiento en el centro penitenciario -- Dos entrevistas -- Informe: encuesta de la población penal INEI, 2016 -- Lo negativo de la iglesia emergente -- Arte -- Ideología – Cultura. | ||
| 526 | _aSEG42 | ||
| 526 | _aSEG41 | ||
| 526 | _aSEG40 | ||
| 526 | _aSEG39 | ||
| 526 | _aP94 | ||
| 526 | _aP87 | ||
| 526 | _aP86 | ||
| 526 | _aP85 | ||
| 526 | _aP77 | ||
| 526 | _aP76 | ||
| 526 | _aP35 | ||
| 650 | 1 | 8 | _aAvivamiento (Religión) |
| 650 | 2 | 8 |
_aEspiritualidad _xCristianismo. |
| 650 | 2 | 8 | _aPentecostalismo. |
| 942 |
_2ddc _cBK _n0 |
||
| 999 |
_c62682 _d62681 |
||
| 980 |
_618226 _aJaime Vilcazán Jefe de Análisis Documental _81 _gALBERTO SANCHEZ Responsable de Automatización |
||